A Planning agenda for urban black communities : nine student papers.

Saved in:
Bibliografiske detaljer
Format: Bog
Sprog:English
Udgivet: Ithaca, N.Y. : Dept. of City and Regional Planning, Cornell University, 1981.
Serier:Working papers in planning ; 55
Fag:
LEADER 00957nam a2200241 a 4500
001 c000011406
003 CARM
005 00000000000000.0
008 s1981 nyua b 00000 eng d
019 1 |a 5461638  |5 LACONCORD2021 
035 |a (OCoLC)8371324  |5 LACONCORD2021 
040 |a VU  |c VU 
043 |a n-us--- 
245 0 2 |a A Planning agenda for urban black communities :  |b nine student papers. 
260 |a Ithaca, N.Y. :  |b Dept. of City and Regional Planning, Cornell University,  |c 1981. 
300 |a ii, 41 p. :  |b ill. ;  |c 28 cm. 
440 0 |a Working papers in planning ;  |v 55 
504 |a Includes bibliographical references. 
650 0 |a Community development, Urban  |z United States. 
852 8 |b CARM  |h A2:AB37D5  |i D00951  |p 0042029  |f BK 
082 0 4 |a 307.140973  |2 20 
999 f f |i 1c4faa01-4fee-5a5f-8fe4-57b443897ab3  |s 9a915e0f-c578-5929-b0e0-9f60e587df7d 
952 f f |p Can circulate  |a CAVAL  |b CAVAL  |c CAVAL  |d CARM 1 Store  |e D00951  |f A2:AB37D5  |h Other scheme  |i book  |m 0042029